<?xml version="1.0" encoding="UTF-8"?>
<record
    xmlns:xsi="http://www.w3.org/2001/XMLSchema-instance"
    xsi:schemaLocation="http://www.loc.gov/MARC21/slim http://www.loc.gov/standards/marcxml/schema/MARC21slim.xsd"
    xmlns="http://www.loc.gov/MARC21/slim">

  <leader>02692nam a2200373 a 4500</leader>
  <controlfield tag="003">DO-SdBNP</controlfield>
  <controlfield tag="005">20221104110800.0</controlfield>
  <controlfield tag="007">ta</controlfield>
  <controlfield tag="008">221103e2004    dr ab||gr|||| 001 e spa d</controlfield>
  <datafield tag="040" ind1=" " ind2=" ">
    <subfield code="a">DO-SdBNP</subfield>
    <subfield code="b">spa</subfield>
    <subfield code="c">BNPHU</subfield>
  </datafield>
  <datafield tag="082" ind1=" " ind2="4">
    <subfield code="2">22</subfield>
    <subfield code="b">G562i</subfield>
  </datafield>
  <datafield tag="245" ind1="1" ind2="0">
    <subfield code="a">Globalizaci&#xF3;n e intermediaci&#xF3;n urbana en Am&#xE9;rica latina. /</subfield>
    <subfield code="c">Concepci&#xF3;n &#xC1;lvarez...[et. al.]; Compilador y coordinador, Haroldo Dilla Alfonso; Editor, Enrique Soldevilla</subfield>
  </datafield>
  <datafield tag="260" ind1=" " ind2=" ">
    <subfield code="a">Santo Domingo :</subfield>
    <subfield code="b">FLACSO,</subfield>
    <subfield code="c">2004,</subfield>
  </datafield>
  <datafield tag="300" ind1=" " ind2=" ">
    <subfield code="a">274 p. :</subfield>
    <subfield code="b">il., mapas ;</subfield>
    <subfield code="c">21 cm.</subfield>
  </datafield>
  <datafield tag="500" ind1=" " ind2=" ">
    <subfield code="a">Incluye biograf&#xED;a de los autores p. 271 - 274</subfield>
  </datafield>
  <datafield tag="500" ind1=" " ind2=" ">
    <subfield code="a">Este libro es el resultado de un taller que tuvo lugar en FLACSO los d&#xED;as 6 y 7 de febrero del 2004 en torno a un tema tan apasionante como pertinente: la intermediaci&#xF3;n urbana en el marco de la presente globalizaci&#xF3;n capitalista, entendida como las maneras en que las ciudades articulan y procesan los flujos externos y como organzan sus respuestas, sea, mediante las pol&#xED;ticas p&#xFA;blicas, las pr&#xE1;cticas sociales o las estrategias de acumulaci&#xF3;n.</subfield>
  </datafield>
  <datafield tag="500" ind1=" " ind2=" ">
    <subfield code="a">Incluye bibliograf&#xED;a y notas al pi&#xE9; de p&#xE1;ginas.</subfield>
  </datafield>
  <datafield tag="505" ind1=" " ind2=" ">
    <subfield code="a">Presentaci&#xF3;n.</subfield>
    <subfield code="t">Ciudades intermedias: &#xBF;Una nueva oportunidad para un desarrollo regional coherente en Am&#xE9;rica Latina?</subfield>
    <subfield code="t">L territorialidad de la acci&#xF3;n p&#xFA;blica: Nuevas cuestiones urbanas frente a los cambios globales.--</subfield>
    <subfield code="t">Actores sociales de fin de siglo en la sociedad urbana contempor&#xE1;nea: Las pr&#xE1;cticas sociales de transformaci&#xF3;n de los espacios urbanos.--</subfield>
    <subfield code="t">Habana 2050.--</subfield>
    <subfield code="t">Logros, desaf&#xED;os y perspectivas delas ciudades intermedias cubanas.--</subfield>
    <subfield code="t">Santa Clara y sus retos hacia un desarrollo sostenible.--</subfield>
    <subfield code="t">Bayamo, una ciudad en desarrollo.--</subfield>
    <subfield code="t">Dentro ofuera: Bordeando los l&#xED;mites de Santo Domingo.--</subfield>
    <subfield code="t">Retos y desaf&#xED;os de la ciudad de Santiago de los Caballeros en los procesos de intermediaci&#xF3;n urbana.--</subfield>
    <subfield code="t">Intermediaci&#xF3;n urbana fronteriza en Rep&#xFA;blica Dominicana.</subfield>
    <subfield code="t">Autores.</subfield>
  </datafield>
  <datafield tag="590" ind1=" " ind2=" ">
    <subfield code="a">Inventariado 2022 / MF</subfield>
  </datafield>
  <datafield tag="650" ind1=" " ind2="4">
    <subfield code="9">32099</subfield>
    <subfield code="a">Globalizaci&#xF3;n</subfield>
    <subfield code="v">Congresos</subfield>
    <subfield code="z">Cuba</subfield>
  </datafield>
  <datafield tag="650" ind1=" " ind2="4">
    <subfield code="a">Globalizaci&#xF3;n</subfield>
    <subfield code="v">Congresos</subfield>
    <subfield code="z">Rep&#xFA;blica Dominicana</subfield>
    <subfield code="9">82707</subfield>
  </datafield>
  <datafield tag="650" ind1=" " ind2="4">
    <subfield code="a">Globalizaci&#xF3;n</subfield>
    <subfield code="9">2272</subfield>
    <subfield code="x">Ensayos, Conferencias, etc.</subfield>
    <subfield code="z">Am&#xE9;rica Latina</subfield>
  </datafield>
  <datafield tag="650" ind1=" " ind2="4">
    <subfield code="a">Globalizaci&#xF3;n</subfield>
    <subfield code="x">Ensayos, Conferencias, etc.</subfield>
    <subfield code="z">Rep&#xFA;blica Dominicana</subfield>
    <subfield code="9">82708</subfield>
  </datafield>
  <datafield tag="700" ind1="1" ind2=" ">
    <subfield code="a">&#xC1;lvarez, Concepci&#xF3;n </subfield>
    <subfield code="9">82700</subfield>
  </datafield>
  <datafield tag="700" ind1="1" ind2=" ">
    <subfield code="a">Benavides Gonz&#xE1;lez, Aleida </subfield>
    <subfield code="9">82701</subfield>
  </datafield>
  <datafield tag="700" ind1="1" ind2=" ">
    <subfield code="a">Bolay, Jean-Claude </subfield>
    <subfield code="9">82702</subfield>
  </datafield>
  <datafield tag="700" ind1="1" ind2=" ">
    <subfield code="a">Catenazzi,  Andrea Claudia </subfield>
    <subfield code="9">82703</subfield>
  </datafield>
  <datafield tag="700" ind1="1" ind2=" ">
    <subfield code="a"> Corral, Julio C&#xE9;sar </subfield>
    <subfield code="9">82704</subfield>
  </datafield>
  <datafield tag="700" ind1="1" ind2=" ">
    <subfield code="9">55224</subfield>
    <subfield code="a">Cotto-Morales, Liliana</subfield>
  </datafield>
  <datafield tag="700" ind1="1" ind2=" ">
    <subfield code="9">5199</subfield>
    <subfield code="a">Dilla Alfonso, Haroldo</subfield>
    <subfield code="e">comp.</subfield>
  </datafield>
  <datafield tag="700" ind1=" " ind2=" ">
    <subfield code="9">74616</subfield>
    <subfield code="a">Soldevilla, Enrique</subfield>
    <subfield code="e">ed.</subfield>
  </datafield>
  <datafield tag="910" ind1=" " ind2=" ">
    <subfield code="a">MFeliz</subfield>
  </datafield>
  <datafield tag="942" ind1=" " ind2=" ">
    <subfield code="2">ddc</subfield>
    <subfield code="c">LBS1</subfield>
  </datafield>
  <datafield tag="952" ind1=" " ind2=" ">
    <subfield code="0">0</subfield>
    <subfield code="1">0</subfield>
    <subfield code="2">ddc</subfield>
    <subfield code="5">1</subfield>
    <subfield code="7">0</subfield>
    <subfield code="8">PD</subfield>
    <subfield code="a">BNPHU</subfield>
    <subfield code="b">BNPHU</subfield>
    <subfield code="c">CT</subfield>
    <subfield code="d">2022-04-20</subfield>
    <subfield code="e">Donado por FLACSO</subfield>
    <subfield code="l">0</subfield>
    <subfield code="o">G562i</subfield>
    <subfield code="p">2022-4888</subfield>
    <subfield code="r">2022-11-03</subfield>
    <subfield code="w">2022-11-03</subfield>
    <subfield code="y">LBS1</subfield>
  </datafield>
  <datafield tag="952" ind1=" " ind2=" ">
    <subfield code="0">0</subfield>
    <subfield code="1">0</subfield>
    <subfield code="2">ddc</subfield>
    <subfield code="5">1</subfield>
    <subfield code="7">0</subfield>
    <subfield code="8">PD</subfield>
    <subfield code="a">BNPHU</subfield>
    <subfield code="b">BNPHU</subfield>
    <subfield code="c">CT</subfield>
    <subfield code="d">2022-04-20</subfield>
    <subfield code="e">Donado por FLACSO</subfield>
    <subfield code="l">0</subfield>
    <subfield code="o">G562i</subfield>
    <subfield code="p">2022-4889</subfield>
    <subfield code="r">2022-11-03</subfield>
    <subfield code="t">e.2</subfield>
    <subfield code="w">2022-11-03</subfield>
    <subfield code="y">LBS1</subfield>
  </datafield>
  <datafield tag="952" ind1=" " ind2=" ">
    <subfield code="0">0</subfield>
    <subfield code="1">0</subfield>
    <subfield code="2">ddc</subfield>
    <subfield code="5">6</subfield>
    <subfield code="7">0</subfield>
    <subfield code="8">DS</subfield>
    <subfield code="a">BNPHU</subfield>
    <subfield code="b">BNPHU</subfield>
    <subfield code="c">CT</subfield>
    <subfield code="d">2022-04-20</subfield>
    <subfield code="e">Donado por FLACSO</subfield>
    <subfield code="l">0</subfield>
    <subfield code="o">G562i</subfield>
    <subfield code="p">2022-4890</subfield>
    <subfield code="r">2022-11-03</subfield>
    <subfield code="t">e.3</subfield>
    <subfield code="w">2022-11-03</subfield>
    <subfield code="y">LBS1</subfield>
  </datafield>
  <datafield tag="952" ind1=" " ind2=" ">
    <subfield code="0">0</subfield>
    <subfield code="1">0</subfield>
    <subfield code="2">ddc</subfield>
    <subfield code="5">6</subfield>
    <subfield code="7">0</subfield>
    <subfield code="8">DS</subfield>
    <subfield code="a">BNPHU</subfield>
    <subfield code="b">BNPHU</subfield>
    <subfield code="c">CT</subfield>
    <subfield code="d">2022-04-20</subfield>
    <subfield code="e">Donado por FLACSO</subfield>
    <subfield code="o">G562i</subfield>
    <subfield code="p">2022-4891</subfield>
    <subfield code="r">2022-11-03</subfield>
    <subfield code="t">e.4</subfield>
    <subfield code="w">2022-11-03</subfield>
    <subfield code="y">LBS1</subfield>
  </datafield>
  <datafield tag="952" ind1=" " ind2=" ">
    <subfield code="0">0</subfield>
    <subfield code="1">0</subfield>
    <subfield code="2">ddc</subfield>
    <subfield code="5">6</subfield>
    <subfield code="7">0</subfield>
    <subfield code="8">DS</subfield>
    <subfield code="a">BNPHU</subfield>
    <subfield code="b">BNPHU</subfield>
    <subfield code="c">CT</subfield>
    <subfield code="d">2022-04-20</subfield>
    <subfield code="e">Donado por FLACSO</subfield>
    <subfield code="o">G562i</subfield>
    <subfield code="p">2022-4892</subfield>
    <subfield code="r">2022-11-03</subfield>
    <subfield code="t">e.5</subfield>
    <subfield code="w">2022-11-03</subfield>
    <subfield code="y">LBS1</subfield>
  </datafield>
  <datafield tag="999" ind1=" " ind2=" ">
    <subfield code="c">52778</subfield>
    <subfield code="d">52778</subfield>
  </datafield>
</record>
